ঢ়
ক্ষ
ড়
ঢ়
য়
র-ফলা‌‌‌
 
 
য-ফলা
ি
 
 
রেফ
 
 
 
যুক্ত করুন/হসন্ত
Space
Enter

Managerial accounting / (Record no. 5766)

000 -LEADER
fixed length control field 00819cam a2200265 a 4500
001 - CONTROL NUMBER
control field 18240
003 - CONTROL NUMBER IDENTIFIER
control field BD-DhUAP
005 - DATE AND TIME OF LATEST TRANSACTION
control field 20201221102614.0
008 - FIXED-LENGTH DATA ELEMENTS--GENERAL INFORMATION
fixed length control field 201221r20122010ii abf b f000 0 eng
020 ## - INTERNATIONAL STANDARD BOOK NUMBER
International Standard Book Number 9781259028526
020 ## - INTERNATIONAL STANDARD BOOK NUMBER
International Standard Book Number 1259028526
040 ## - CATALOGING SOURCE
Original cataloging agency BD-DhUAP
Transcribing agency BD-DhUAP
Modifying agency BD-DhUAP
Language of cataloging Eng
082 ## - DEWEY DECIMAL CLASSIFICATION NUMBER
Classification number 658.1511 GAR
Edition number 23
100 ## - MAIN ENTRY--PERSONAL NAME
Personal name Garrison, Ray H.
245 ## - TITLE STATEMENT
Title Managerial accounting /
Statement of responsibility, etc. Ray H. Garrison, Eric W. Noreen and Peter C. Brewer.
250 ## - EDITION STATEMENT
Edition statement 13th ed.
260 ## - PUBLICATION, DISTRIBUTION, ETC.
Place of publication, distribution, etc. New Delhi :
Name of publisher, distributor, etc. Tata McGraw Hill,
Date of publication, distribution, etc. c2010 [Reprinted 2012].
300 ## - PHYSICAL DESCRIPTION
Extent xxvii, 804 pages :
Other physical details illustrations ;
Dimensions 28 cm.
500 ## - GENERAL NOTE
General note Includes index.
650 ## - SUBJECT ADDED ENTRY--TOPICAL TERM
Topical term or geographic name entry element Managerial accounting.
700 ## - ADDED ENTRY--PERSONAL NAME
Personal name Noreen, Eric W.
700 ## - ADDED ENTRY--PERSONAL NAME
Personal name Brewer, Peter C.
942 ## - ADDED ENTRY ELEMENTS (KOHA)
Source of classification or shelving scheme
Koha item type Book
Holdings
Withdrawn status Lost status Source of classification or shelving scheme Damaged status Not for loan Permanent Location Current Location Shelving location Date acquired Total Checkouts Total Renewals Full call number Barcode Date due Date last seen Date last checked out Copy number Price effective from Koha item type
          DBA Seminar Library DBA Seminar Library General Stacks 2021-01-05     658.1511 GAR 3010019552   2021-01-05   7 2021-01-05 Book
          UAP Central Library UAP Central Library General Stacks 2020-12-21 3 3 658.1511 GAR 3010018240 2026-06-14 2026-05-17 2026-05-17 1 2020-12-21 Book
          UAP Central Library UAP Central Library General Stacks 2020-12-21 1   658.1511 GAR 3010019553   2022-04-20 2022-04-11 2 2020-12-21 Book
          UAP Central Library UAP Central Library General Stacks 2020-12-21 1   658.1511 GAR 3010018239   2024-06-01 2024-05-21 3 2020-12-21 Book
          UAP Central Library UAP Central Library General Stacks 2020-12-21 1   658.1511 GAR 3010018237   2024-05-29 2024-05-21 4 2020-12-21 Book
          UAP Central Library UAP Central Library General Stacks 2020-12-21     658.1511 GAR 3010018238   2020-12-21   5 2020-12-21 Book
          UAP Central Library UAP Central Library General Stacks 2020-12-21     658.1511 GAR 3010018241   2020-12-27   6 2020-12-21 Book

All rights reserved © UAP Central Library,
University of Asia Pacific.